Central Library OPAC University of Rajshahi

The novelist as philosopher : (Record no. 63019)

MARC details
000 -LEADER
fixed length control field 00872nam a2200253 a 4500
001 - CONTROL NUMBER
control field 63019
003 - CONTROL NUMBER IDENTIFIER
rucl marc code BD-RjUL
005 - DATE AND TIME OF LATEST TRANSACTION
control field 20211209081142.0
008 - FIXED-LENGTH DATA ELEMENTS--GENERAL INFORMATION
fixed length control field 170128s1962 enk b 001 0 eng d
035 ## - SYSTEM CONTROL NUMBER
System control number (BD-RjUL)63147
040 ## - CATALOGING SOURCE
Original cataloging agency DLC
Transcribing agency WSU
Modifying agency OCL
-- BD-RjUL
Language of cataloging eng
041 ## - LANGUAGE CODE
Language code of text/sound track or separate title eng
082 ## - DEWEY DECIMAL CLASSIFICATION NUMBER
Edition number 23
Classification number 843.91082
Author mark and year NOV 1962
099 ## - LOCAL FREE-TEXT CALL NUMBER (OCLC)
Bangla Class number *ML G - 7W&HY& - G2
245 14 - TITLE STATEMENT
Title The novelist as philosopher :
Remainder of title studies in French fiction, 1935-1960 /
Statement of responsibility, etc. by John Cruickshank ... [et al.] ; edited by John Cruickshank.
260 ## - PUBLICATION, DISTRIBUTION, ETC. (IMPRINT)
Place of publication, distribution, etc. London :
Name of publisher, distributor, etc. Oxford University Press,
Date of publication, distribution, etc. 1962.
300 ## - PHYSICAL DESCRIPTION
Pagination 257 p. ;
Size 23 cm.
504 ## - BIBLIOGRAPHY, ETC. NOTE
Bibliography, etc Includes bibliographies and index
650 #0 - SUBJECT ADDED ENTRY--TOPICAL TERM
Topical term or geographic name as entry element Authors, French.
9 (RLIN) 187473
Topical term or geographic name as entry element French fiction
Chronological subdivision 20th century
General subdivision History and criticism.
9 (RLIN) 187474
Topical term or geographic name as entry element Philosophy in literature.
9 (RLIN) 185262
700 1# - ADDED ENTRY--PERSONAL NAME
Personal name Cruickshank, John.
942 ## - ADDED ENTRY ELEMENTS (KOHA)
Source of classification or shelving scheme Dewey Decimal Classification
Koha item type Books
Holdings
Lost status Source of classification or shelving scheme Damaged status Not for loan Collection code Permanent Location Current Location Shelving location Date acquired Source of acquisition Cost, normal purchase price Total Checkouts Full call number Date last seen Copy number Koha item type
  Dewey Decimal Classification   Not For Loan Non-fiction Central Library, University of Rajshahi Central Library, University of Rajshahi Reading Room 03/03/1973 Blackwall 1.50   843.91082 NOV 1962 28/01/2017 C-1 Books